000 01015nam a2200229 a 4500
001 000272505
003 AM-YeHGA
005 20250618071809.0
008 031015s1982 ai 000 | arm d
040 _aAM-YeHGA
041 0 _aarm
245 1 0 _aՍահանք :
_bՆորավեպեր և վիպակներ /
_cՍ. Թնկըրյան; Կազմ., խմբ. և առաջաբ.՝ Ս. Կուրտիկյան Խմբ.՝ Ռ.Մ. Մուրադյան.
260 _aԵրևան :
_bՍովետական գրող,
_c1982.
300 _a292 էջ :
_bդիմանկ. ;
_c20 սմ.
440 0 _aՍփյուռքահայ գրողներ
504 _aՏողատակի ծանոթագր.
650 1 4 _aՍփյուռքահայ գրականություն
_xՆովել
650 1 4 _aՍփյուռքահայ գրականություն
_xՎիպակ
700 1 _aԿուրտիկյան, Ստեփան Միհրանի,
_d1908-1986
_eկազմ.
_4com
_eխմբ.
_4edt
_eառաջաբ.
_4aui
_9703
700 1 _aՄուրադյան, Ռ.Մ.
_eխմբ.
_4edt
090 _c100146
999 _c98835
_d98835